Paesi che confinano con l'Italia - Statistics

Statistiche generali
  • Questo quiz è stato fatto 73 volte
  • Il punteggio medio è 6 su 6
Statistiche sulle risposte
Nazione % Corretto
Austria
100%
Francia
100%
Svizzera/ Svizzero
100%
Città del Vaticano
97%
San Marino
97%
Slovenia
96%
Nessun quiz corrispondente trovato
Distribuzione punteggi
Percentuale di utenti per punteggio
Percentile per numero di risposta
I tuoi punteggi nel tempo
Non hai fatto questo quiz